KOHA-Header-6

Strategic Human Resource Planning (Record no. 621)

000 -LEADER
fixed length control field 00336nam a2200121Ia 4500
008 - FIXED-LENGTH DATA ELEMENTS--GENERAL INFORMATION
fixed length control field 190722s9999 xx 000 0 und d
020 ## - INTERNATIONAL STANDARD BOOK NUMBER
International Standard Book Number 978-81-315-2780-1
100 ## - MAIN ENTRY--PERSONAL NAME
Personal name Kenneth J. McBey
245 #0 - TITLE STATEMENT
Title Strategic Human Resource Planning
260 ## - PUBLICATION, DISTRIBUTION, ETC. (IMPRINT)
Place of publication, distribution, etc Andover
Name of publisher, distributor, etc Cengage Learning India Private Limited.
Date of publication, distribution, etc 2013
300 ## - PHYSICAL DESCRIPTION
Extent xxix,424
942 ## - ADDED ENTRY ELEMENTS (KOHA)
Koha item type Books
Holdings
Withdrawn status Lost status Source of classification or shelving scheme Damaged status Not for loan Collection code Permanent Location Current Location Shelving location Date acquired Full call number Barcode Date last seen Price effective from Koha item type
        Not For Loan Management MAJU MAJU Shelf No.A38 REF 2019-07-22 331.11 7247 2019-07-22 2019-07-22 Management

Powered by Koha